000 00718cam a2200193 a 4500
001 000007497
005 20240313182408.0
008 810109s1934 cl ab 000 0bspa
040 _aDO-SdBNP
_bspa
_cBNPHU
082 _a970.015
_bB816e
100 1 _aBranchi, E. C. E.,
_d1883-
_920818
245 1 4 _aLos enigmas de Colón :
_bAmérica fué descubierta el 13 de octubre de 1492 /
_cE. C. Branchi.
260 _aSantiago, (Chile) :
_bNascimento,
_c1934.
300 _a154 p. :
_bil., map, diagr. ;
_c19 cm.
500 _aErratas": antideslizante insertada.
650 4 _aAmérica
_xDescripciones y viajes
_920819
650 4 _aAmérica
_xDescubrimiento y exploraciones
_920820
600 0 _aCOLÓN, CRISTOBAL,
_d1436-1456
_919795
999 _c7278
_d7278